000 00536nam a22001937a 4500
003 MPLRDC
005 20220104202117.0
008 210129b ||||| |||| 00| 0 eng d
020 _a983-41462-0-5
082 _a910.8 CSX
100 _a陈松宪
245 _a寻音觅韵
_c
250 _a初版
260 _a马来西亚
_b南大教育与研究基金会
_c2003
300 _b
520 _a上架 2017-10-01。 2017-03-04 附贴纸(古筝指法简表)--pg.尾页。
650 _a音乐丛书
942 _cBK
_o910.8 CSX
999 _c67486
_d67476